[Event "San Jose Metropolitano op-B 45th"]
[Site "San Jose"]
[Date "2024.12.26"]
[Round "2"]
[White "Montero Romero, Danny Jose"]
[Black "Gonzalez Arguedas, Felipe"]
[Result "1-0"]
[WhiteElo "1807"]
[BlackElo "1545"]
[PlyCount "85"]
[EventDate "2024.12.26"]
[EventType "tourn"]
[EventRounds "9"]
[EventCountry "CRI"]
[SourceTitle "CB02_2025"]
[SourceDate "2025.01.08"]
[SourceVersion "1"]
[SourceVersionDate "2025.01.08"]
[SourceQuality "1"]

1. d4 d5 2. Nf3 Nf6 3. e3 Bf5 4. Bd3 Bxd3 5. Qxd3 Qd7 6. Ne5 Qa4 7. Nc3 Qa6 8. Nb5 Qb6 9. 0-0 a6 10. Nc3 e6 11. Bd2 Bd6 12. f4 Nbd7 13. b3 c5 14. Nxd7 Nxd7 15. f5 cxd4 16. fxe6 fxe6 17. exd4 0-0-0 18. Kh1 Nf6 19. Rae1 Bc7 20. Na4 Qc6 21. Nc5 Rde8 22. Qh3 Ne4 23. Nxe4 dxe4 24. c4 Kb8 25. Qh4 Qd6 26. Rxe4 Rhf8 27. Ree1 h6 28. Bc3 Rxf1+ 29. Rxf1 Rf8 30. Rxf8+ Qxf8 31. Kg1 Qa3 32. Qf2 Qc1+ 33. Qe1 Qf4 34. g3 Qg4 35. Kg2 h5 36. Qe3 h4 37. Qf3 Qg6 38. Be1 e5 39. dxe5 Bxe5 40. Qf8+ Ka7 41. Bf2+ b6 42. Qe7+ Ka8 43. Qxe5 1-0

[Event "CRI-chT"]
[Site "San Jose"]
[Date "2024.05.12"]
[Round "4.2"]
[White "Bermudez Vives, Sergio"]
[Black "Montero Romero, Danny Jose"]
[Result "1-0"]
[WhiteElo "2090"]
[BlackElo "1722"]
[PlyCount "81"]
[EventDate "2024.04.28"]
[EventType "team-swiss"]
[EventRounds "7"]
[EventCountry "CRI"]
[SourceTitle "EXT 2025"]
[Source "ChessBase"]
[SourceDate "2024.10.14"]
[SourceVersion "1"]
[SourceVersionDate "2024.10.14"]
[SourceQuality "1"]
[WhiteTeam "Millenium"]
[BlackTeam "Cenfotec Universidad"]
[WhiteTeamCountry "CRI"]
[BlackTeamCountry "CRI"]

1. e4 c5 2. Nf3 d6 3. d4 cxd4 4. Nxd4 Nf6 5. Nc3 e6 6. Be2 Be7 7. 0-0 0-0 8. Be3 a6 9. f4 Nc6 10. Qe1 Bd7 11. Qg3 Nxd4 12. Bxd4 Bc6 13. Rae1 g6 14. Bd3 d5 15. e5 Nd7 16. Qe3 Qa5 17. Kh1 Nc5 18. a3 Nxd3 19. cxd3 Qc7 20. Kg1 h5 21. f5 exf5 22. Qh6 Qd8 23. e6 Bf6 24. exf7+ Rxf7 25. Qxg6+ Bg7 26. Rxf5 Qd7 27. Rxh5 Rf4 28. Qh7+ Kf8 29. Bc5+ Kf7 30. Re7+ Qxe7 31. Bxe7 Rh8 32. Rf5+ Rxf5 33. Qxf5+ Kxe7 34. Nxd5+ Ke8 35. Qe6+ Kf8 36. Qe7+ Kg8 37. Nf6+ Bxf6 38. Qxf6 Rh7 39. d4 Rd7 40. h4 Rf7 41. Qd8+ 1-0